Statistics for Bits and Bobs Knowledge

Click here to take the quiz!

General Stats

  • This quiz has been taken 7 times
  • The average score is 6 of 15

Answer Stats

QuestionAnswer% Correct
Who has the LEAST followers on Instagram compared to each other (as of August 2020)?Beyonce
71%
What are the real names of the superheros Hawkeye, Magneto, and Mister Fantastic?Clint Barton, Max Eisenhardt, Reed Richards
71%
Which colour cannot result from mixing yellow and black?Peach
71%
Who was the first person to survive a brain injury?Phineas Gage (1823-1860)
71%
How long does it take traditional oil paint to completely dry on a canvas?longer than 3 months
57%
Who was the richest man in history OTHER than Mansa Musa?Nikolai Alexandrovich Romanov (1868-1918, Russia)
57%
Which of the following knives is NOT made with 1095 steel?Benchmade 375 Adamas Fixed Blade Knife
43%
Which of the following was NOT involved in Yugoslavia in WWII?France
43%
Which is the largest animal compared to each other?Tiger
43%
Which of the following is NOT a leap year?1800
29%
Which of these games was released first?EVE Online
29%
Where did fortune cookies originate?Japan
14%
Which of the following is the least popular website compared to each other (as of August 2020)?Netflix
14%
Which of the following is NOT a popular cuisine in the Pearl River Delta Metropolitan Region?Pavlova
14%
Which of the following does NOT act as egg substitute in baking?Whipped cream & lemon juice
14%

Score Distribution

Percentile by Number Answered

Percent of People with Each Score

Your Score History

You have not taken this quiz